00707nam a2200169 a 450000100100000000500170001000800410002702000150006804000250008310000500010824501500015826000680030830000360037650400320041250400730044470000200051700004383620201002045010.0140506s2005 sp ac 000 0 spa d a8460934187 aDO-SdBNPbspacBNPHU1 aSanchidrián Gallego, Jesús María José10aÁvila Dibujada :bla ciudad ilustrada en el siglo XIX /Jesús Ma. J. Sanchidrián Gallego ; textos preliminares, Ángel Barrios... [et al.]. aÁvila :bAyuntamiento de Ávila, Área de Urbanismo,c2005. a175 p. :bil., retrs. ;c30 cm. aBibliografía : p. 159-161 aIncluye referencias bibliográficas y notas al pie de las páginas12aBarrio, Ángel